| 000 | 00000nam 2200000za 4500 |
| 001 | 9.643938 |
| 003 | CaOODSP |
| 005 | 20220125150917 |
| 007 | cr ||||||||||| |
| 008 | 150407|2014||||xxc|||||o f|0| 0 fre d |
| 020 | |a978-0-660-22860-0 |
| 040 | |aCaOODSP|bfre |
| 043 | |an-cn--- |
| 086 | 1 |aD2-338/2014F-PDF |
| 110 | 1 |aCanada. |bDéfense nationale. |bDirection - Distinctions honorifiques et reconnaissance. |
| 245 | 13|aLa Croix du service méritoire 1984-2014 |h[ressource électronique] |
| 260 | |aOttawa - Ontario : |bDéfense nationale. |cc2014. |
| 300 | |a176p.|bfigures, glossaire, graphiques, ill., références, tableau, photographies |
| 590 | |a15-07|b2015-02-13 |
| 691 | 07|aDécoration|2gcpds |
| 775 | 08|tThe Meritorious Service Cross 1984-2014 |w(CaOODSP)9.700024 |
| 776 | 0#|tThe Meritorious Service Cross 1984-2014 |w(CaOODSP)9.677889 |
| 776 | 0#|tLa Croix du service méritoire 1984-2014 |w(CaOODSP)9.677890 |
| 856 | 40|ahttp://publications.gc.ca|qPDF|s6.69 Mo|uhttps://publications.gc.ca/collections/collection_2015/mdn-dnd/D2-338-2014-fra.pdf |
| 986 | |aA-DH-300-000/JD-004 |